000 00236nam a2200097Ia 4500
001 1134567
005 20250827005131.0
008 250824s9999 xx 000 0 und d
245 0 _aKENDİNİ ARAMAK
_cİHSAN FAZLIOĞLU
260 _bKETEBE
999 _c1134567
_d1134567